• 首页
  • 本馆介绍
  • 公告通知
  • 最新文献
  • 馆藏检索
  • 电子资源
  • 读者导购
  • 参考咨询
  • 我的图书馆
  • 登录
  • 详细信息显示
  • 放入我的书架
  • 预约/预借图书
  • 作者相关作品
  • 分类相关作品
  • 丛书相关作品
  • 出版社相关作品

书目信息

  • 表格格式
  • 工作单格式
  • 卡片格式
题名:
园林建筑
    
 
作者: 钟喜林 , 谢芳 主编
分册:  
出版信息: 北京   中国电力出版社  2010.1
页数: 234页
开本: 26cm
丛书名:
单 册:
中图分类: TU986.4
科图分类:
主题词: 园林建筑--园林设计--高等教育--教材 , 园林建筑 , 园林设计
电子资源:
ISBN: 978-7-5083-8865-6
000 00910nam0 2200277 450
001 0400004153
005 20171023142436.0
010    @a978-7-5083-8865-6@dCNY36.00
100    @a20171023e20152010em y0chiy ea
101 0  @achi
102    @aCN@b110000
105    @aa z 000yy
106    @ar
200 1  @a园林建筑@9yuan lin jian zhu@f钟喜林,谢芳主编
210    @a北京@c中国电力出版社@d2010.1@h2015.1
215    @a234页@c图@d26cm
300    @a高职高专园林工程技术专业系列规划教材
330    @a本书共分五章,内容涉及概论、园林建筑设计基本原理、原理建筑构造基本知识、园林建筑小品设计、园林建筑单体设计等。
606 0  @a园林建筑@x园林设计@x高等教育@j教材
606 0  @a园林建筑
606 0  @a园林设计
690    @aTU986.4@v4
701  0 @a钟喜林@9zhong xi lin@c(环境工程)@4主编
701  0 @a谢芳@9xie fang@c(园林工程)@4主编
801  0 @aCN@b91MARC@c20171023
905    @b1037125-9@dTU986.4@f5@e1285
    
    园林建筑/钟喜林,谢芳主编.-北京:中国电力出版社,2010.1(2015.1)
    234页:图;26cm
    高职高专园林工程技术专业系列规划教材
    
    ISBN 978-7-5083-8865-6:CNY36.00
    本书共分五章,内容涉及概论、园林建筑设计基本原理、原理建筑构造基本知识、园林建筑小品设计、园林建筑单体设计等。
●
相关链接 在E读中查询图书 在五车中查询图书 在当当中查询图书 在豆瓣中查询图书


正题名:园林建筑     索取号:TU986.4/1285         预约/预借

序号 登录号 条形码 馆藏地/架位号 状态 备注
1 1037125   210371257   第二样本阅览室/ [索取号:TU986.4/1285] 在馆    
2 1037126   210371266   密集书库-生命科学系/ [索取号:TU986.4/1285] 在馆    
3 1037127   210371275   第三借阅区/ [索取号:TU986.4/1285] 在馆    
4 1037128   210371284   第三借阅区/ [索取号:TU986.4/1285] 在馆    
5 1037129   210371293   第三借阅区/ [索取号:TU986.4/1285] 在馆    
唐山师范学院图书馆 欢迎您!
大连网信软件有限公司© 版权所有